Intimacy and homicide: Compensating for missing data in the SHR

Gespeichert in:  
Bibliographische Detailangaben
VerfasserInnen: Pampel, Fred C. (Verfasst von) ; Williams, Kirk R. (Verfasst von)
Medienart: Elektronisch Aufsatz
Sprache:Englisch
Veröffentlicht: 2000
In: Criminology
Jahr: 2000, Band: 38, Heft: 2, Seiten: 661-680
Online-Zugang: Volltext (lizenzpflichtig)
Verfügbarkeit prüfen: HBZ Gateway

MARC

LEADER 00000caa a22000002c 4500
001 1912596172
003 DE-627
005 20250126055018.0
007 cr uuu---uuuuu
008 241217s2000 xx |||||o 00| ||eng c
024 7 |a 10.1111/j.1745-9125.2000.tb00902.x  |2 doi 
035 |a (DE-627)1912596172 
035 |a (DE-599)KXP1912596172 
040 |a DE-627  |b ger  |c DE-627  |e rda 
041 |a eng 
084 |a 2,1  |2 ssgn 
100 1 |a Pampel, Fred C.  |e VerfasserIn  |0 (DE-588)170143953  |0 (DE-627)060185570  |0 (DE-576)13105144X  |4 aut 
109 |a Pampel, Fred C.  |a Pampel, Fred C. jun.  |a Pampel, Fred 
245 1 0 |a Intimacy and homicide: Compensating for missing data in the SHR 
264 1 |c 2000 
336 |a Text  |b txt  |2 rdacontent 
337 |a Computermedien  |b c  |2 rdamedia 
338 |a Online-Ressource  |b cr  |2 rdacarrier 
700 1 |a Williams, Kirk R.  |e VerfasserIn  |4 aut 
773 0 8 |i Enthalten in  |t Criminology  |d Oxford [u.a.] : Wiley-Blackwell, 1970  |g 38(2000), 2, Seite 661-680  |h Online-Ressource  |w (DE-627)340877685  |w (DE-600)2066199-X  |w (DE-576)25810161X  |x 1745-9125  |7 nnas 
773 1 8 |g volume:38  |g year:2000  |g number:2  |g pages:661-680 
787 0 8 |i Forschungsdaten  |a Fox, James Alan  |t Uniform Crime Reports (United States): Supplementary Homicide Reports, 1976-1999  |d [Erscheinungsort nicht ermittelbar] : [Verlag nicht ermittelbar], 2001  |w (DE-627)1840060638 
856 4 0 |u https://doi.org/10.1111/j.1745-9125.2000.tb00902.x  |x Resolving-System  |z lizenzpflichtig  |3 Volltext  |7 1 
935 |a mkri 
951 |a AR 
ELC |a 1 
LOK |0 000 xxxxxcx a22 zn 4500 
LOK |0 001 4637561698 
LOK |0 003 DE-627 
LOK |0 004 1912596172 
LOK |0 005 20241217044620 
LOK |0 008 241217||||||||||||||||ger||||||| 
LOK |0 035   |a (DE-2619)ICPSR23793 
LOK |0 040   |a DE-2619  |c DE-627  |d DE-2619 
LOK |0 092   |o n 
LOK |0 852   |a DE-2619 
LOK |0 852 1  |9 00 
LOK |0 935   |a nacp 
LOK |0 939   |a 17-12-24  |b l01 
ORI |a SA-MARC-krimdoka001.raw